[Event "Titled Tuesday intern op 04th Mar Early"]
[Site "Chess.com INT"]
[Date "2025.03.04"]
[Round "11"]
[White "Ljukin, Sergei"]
[Black "Marcziter, Dmitrii"]
[Result "0-1"]
[WhiteElo "2362"]
[BlackElo "2210"]
[PlyCount "66"]
[EventDate "2025.03.04"]
[EventType "swiss (blitz)"]
[EventRounds "11"]
[EventCountry "USA"]
[SourceTitle "CB11_2025"]
[SourceDate "2025.03.12"]
[SourceVersion "1"]
[SourceVersionDate "2025.03.12"]
[SourceQuality "1"]

1. e4 c5 2. Nf3 a6 3. c4 e6 4. d4 cxd4 5. Nxd4 Nf6 6. Bd3 Qc7 7. 0-0 Bc5 8. Nb3 Ba7 9. Bg5 Nc6 10. Nc3 Ne5 11. Bxf6 gxf6 12. Qe2 h5 13. Kh1 Ng4 14. f4 d6 15. Rac1 Bd7 16. f5 d5 17. g3 dxc4 18. Bxc4 Ne5 19. Bd3 Qd8 20. Rfd1 Rc8 21. Nd2 b5 22. Nf3 Ng4 23. Rf1 Bc6 24. fxe6 fxe6 25. e5 f5 26. h3 Ne3 27. Kh2 Nxf1+ 28. Rxf1 b4 29. Nd1 Qd5 30. h4 Ke7 31. Bc4 Qe4 32. Qxe4 Bxe4 33. Ng5 Rxc4 0-1

[Event "Titled Tuesday intern op 04th Mar Early"]
[Site "Chess.com INT"]
[Date "2025.03.04"]
[Round "9"]
[White "Player, Edmund C"]
[Black "Ljukin, Sergei"]
[Result "0-1"]
[WhiteElo "2130"]
[BlackElo "2362"]
[PlyCount "72"]
[EventDate "2025.03.04"]
[EventType "swiss (blitz)"]
[EventRounds "11"]
[EventCountry "USA"]
[SourceTitle "CB11_2025"]
[SourceDate "2025.03.12"]
[SourceVersion "1"]
[SourceVersionDate "2025.03.12"]
[SourceQuality "1"]

1. Nc3 d5 2. e4 e6 3. d4 Bb4 4. Nge2 Nc6 5. e5 Nge7 6. Ng3 f6 7. exf6 gxf6 8. Qh5+ Kd7 9. Be3 Qe8 10. Qd1 b6 11. Qd2 Bb7 12. a3 Bd6 13. Nb5 Rc8 14. Bd3 a6 15. Nxd6 cxd6 16. Qe2 Ra8 17. c3 h5 18. h4 Qf7 19. 0-0 Ng6 20. Bxg6 Qxg6 21. Rfe1 Qg4 22. Qxg4 hxg4 23. h5 a5 24. h6 Ba6 25. Nh5 Ke7 26. Kh2 Bd3 27. Kg3 Rag8 28. Rh1 e5 29. Ng7 f5 30. Rad1 f4+ 31. Bxf4 exf4+ 32. Kxf4 Bh7 33. Kxg4 Nd8 34. Rde1+ Kd7 35. Kg5 Ne6+ 36. Kf6 Rf8# 0-1

[Event "Titled Tuesday intern op 04th Mar Early"]
[Site "Chess.com INT"]
[Date "2025.03.04"]
[Round "3"]
[White "Zepeda Berlanga, Jan Enrique"]
[Black "Ljukin, Sergei"]
[Result "0-1"]
[WhiteElo "1967"]
[BlackElo "2362"]
[PlyCount "52"]
[EventDate "2025.03.04"]
[EventType "swiss (blitz)"]
[EventRounds "11"]
[EventCountry "USA"]
[SourceTitle "CB11_2025"]
[SourceDate "2025.03.12"]
[SourceVersion "1"]
[SourceVersionDate "2025.03.12"]
[SourceQuality "1"]

1. e4 e6 2. d4 d5 3. Nc3 Bb4 4. Nge2 Nc6 5. exd5 exd5 6. a3 Be7 7. Nf4 Nf6 8. Bb5 0-0 9. 0-0 Nb8 10. Re1 c6 11. Bd3 Re8 12. Qf3 Nbd7 13. Bd2 Nf8 14. h3 Ng6 15. Nce2 Bd7 16. Ng3 Qb6 17. Be3 Bd6 18. Nfe2 Nh4 19. Nf5 Nxf3+ 20. gxf3 Bxf5 21. Bxf5 g6 22. Bd3 Nh5 23. Kg2 f5 24. Rg1 f4 25. Bd2 Qd8 26. Kf1 Qh4 0-1

[Event "Titled Tuesday intern op 11th Feb Early"]
[Site "Chess.com INT"]
[Date "2025.02.11"]
[Round "4"]
[White "Germanovs, Georgijs"]
[Black "Ljukin, Sergei"]
[Result "1-0"]
[WhiteElo "2255"]
[BlackElo "2362"]
[PlyCount "61"]
[EventDate "2025.02.11"]
[EventType "swiss (blitz)"]
[EventRounds "11"]
[EventCountry "USA"]
[SourceTitle "CB09_2025"]
[SourceDate "2025.02.27"]
[SourceVersion "1"]
[SourceVersionDate "2025.02.27"]
[SourceQuality "1"]

1. e4 e6 2. d4 d5 3. exd5 exd5 4. c4 Nf6 5. Nc3 Bb4 6. Nf3 0-0 7. Bd3 Re8+ 8. Be3 Be6 9. cxd5 Nxd5 10. 0-0 Nxe3 11. fxe3 Nd7 12. Ne4 h6 13. Ng3 Bd6 14. Rc1 Bxg3 15. hxg3 c6 16. Bb1 Bg4 17. Qd3 g6 18. Nh4 Qg5 19. Rf4 Be6 20. e4 Rad8 21. Rcf1 Ne5 22. Qc3 Ng4 23. Bc2 Qe7 24. Bb3 Rf8 25. d5 cxd5 26. exd5 Rc8 27. Qd4 g5 28. Rxg4 Bxg4 29. Qxg4 Qe3+ 30. Kh1 Qd3 31. Rd1 1-0

[Event "Titled Tuesday intern op 28th Jan Early"]
[Site "Chess.com INT"]
[Date "2025.01.28"]
[Round "3"]
[White "Fiorito, Joaquin"]
[Black "Ljukin, Sergei"]
[Result "1-0"]
[WhiteElo "2411"]
[BlackElo "2362"]
[PlyCount "69"]
[EventDate "2025.01.28"]
[EventType "swiss (blitz)"]
[EventRounds "11"]
[EventCountry "USA"]
[SourceTitle "CB06_2025"]
[SourceDate "2025.02.05"]
[SourceVersion "1"]
[SourceVersionDate "2025.02.05"]
[SourceQuality "1"]

1. e4 e6 2. d4 d5 3. Nc3 Bb4 4. e5 Ne7 5. a3 Bxc3+ 6. bxc3 c5 7. Nf3 Bd7 8. a4 Qa5 9. Bd2 Nbc6 10. h4 f6 11. exf6 gxf6 12. Bb5 c4 13. 0-0 Qc7 14. Re1 0-0 15. g3 Kh8 16. Bf4 Qd8 17. Bd6 Rg8 18. Bxe7 Qxe7 19. a5 Qd6 20. Kh2 Rae8 21. Qd2 e5 22. Bxc6 bxc6 23. dxe5 fxe5 24. Nxe5 Ref8 25. f4 Bf5 26. Qd4 Rg7 27. Qf2 Rfg8 28. Re3 Be4 29. Rae1 Qe6 30. Nxc4 Qg6 31. Ne5 Qf5 32. c4 Bxc2 33. cxd5 cxd5 34. g4 Qc8 35. Rc1 1-0

[Event "Titled Tuesday intern op 14th Jan Early"]
[Site "Chess.com INT"]
[Date "2025.01.14"]
[Round "1"]
[White "Mamedov, Edgar"]
[Black "Ljukin, Sergei"]
[Result "1-0"]
[WhiteElo "2457"]
[BlackElo "2362"]
[PlyCount "59"]
[EventDate "2025.01.14"]
[EventType "swiss (blitz)"]
[EventRounds "11"]
[EventCountry "USA"]
[SourceTitle "CB04_2025"]
[SourceDate "2025.01.22"]
[SourceVersion "1"]
[SourceVersionDate "2025.01.22"]
[SourceQuality "1"]

1. e4 e6 2. d4 d5 3. Nd2 Nf6 4. e5 Nfd7 5. f4 c5 6. c3 Nc6 7. Ngf3 Qb6 8. Nb3 cxd4 9. Nbxd4 Nc5 10. Be2 Be7 11. 0-0 0-0 12. Kh1 f6 13. exf6 Bxf6 14. Be3 Ne4 15. Qc2 Qc7 16. Bd3 Nxd4 17. Nxd4 Bxd4 18. Bxd4 Rxf4 19. Rxf4 Qxf4 20. Rf1 Qg4 21. Bxe4 Qxe4 22. Qf2 Qf5 23. Qe1 Qg6 24. Rf3 e5 25. Qxe5 Bg4 26. Qxd5+ Kh8 27. Rf1 h6 28. Qxb7 Re8 29. h3 Bf5 30. Rxf5 1-0

[Event "Titled Tuesday intern op 07th Jan Early"]
[Site "Chess.com INT"]
[Date "2025.01.07"]
[Round "3"]
[White "Domingo Nunez, Ruben"]
[Black "Ljukin, Sergei"]
[Result "1-0"]
[WhiteElo "2426"]
[BlackElo "2362"]
[PlyCount "79"]
[EventDate "2025.01.07"]
[EventType "swiss (blitz)"]
[EventRounds "11"]
[EventCountry "USA"]
[SourceTitle "CB03_2025"]
[SourceDate "2025.01.15"]
[SourceVersion "1"]
[SourceVersionDate "2025.01.15"]
[SourceQuality "1"]

1. b3 e5 2. Bb2 Nc6 3. e3 Nf6 4. Nf3 e4 5. Nd4 Nxd4 6. Bxd4 d5 7. Bb2 Bd6 8. d3 0-0 9. c3 Bf5 10. c4 Bb4+ 11. Bc3 a5 12. d4 c6 13. c5 b6 14. a3 Bxc3+ 15. Nxc3 b5 16. Be2 g6 17. h3 Qd7 18. Kd2 Be6 19. Qg1 Ne8 20. Qh2 f5 21. g4 Qf7 22. gxf5 Qxf5 23. Raf1 Ra7 24. Bg4 Qf6 25. f4 Ng7 26. Qg1 h5 27. Bxe6+ Nxe6 28. Rh2 Kh7 29. Rhf2 Ng7 30. a4 b4 31. Ne2 Nf5 32. Qg5 Nh4 33. Kd1 Nf3 34. Qg3 Rg7 35. Ng1 g5 36. Nxf3 gxf4 37. Qh4 exf3 38. Qxh5+ Kg8 39. Qxf3 Qf5 40. Kd2 1-0

[Event "Titled Tuesday intern op 17th Sep Early"]
[Site "Chess,com INT"]
[Date "2024.09.17"]
[Round "5"]
[White "Ljukin, Sergei"]
[Black "Palacio, Igor Da Paz"]
[Result "1-0"]
[WhiteElo "2362"]
[BlackElo "2172"]
[PlyCount "47"]
[EventDate "2024.09.17"]
[EventType "swiss (blitz)"]
[EventRounds "11"]
[EventCountry "USA"]
[SourceTitle "EXT 2025"]
[Source "ChessBase"]
[SourceDate "2024.10.14"]
[SourceVersion "1"]
[SourceVersionDate "2024.10.14"]
[SourceQuality "1"]

1. e4 e5 2. Nf3 Nc6 3. Bb5 a6 4. Ba4 Nf6 5. Qe2 d6 6. c3 Bd7 7. 0-0 b5 8. Bb3 Be7 9. d4 Bg4 10. Rd1 0-0 11. h3 Bxf3 12. Qxf3 Qe8 13. a4 h6 14. a5 Nh7 15. d5 Nb8 16. c4 bxc4 17. Bxc4 Nd7 18. Nc3 Bg5 19. Qe2 Bxc1 20. Rdxc1 Qc8 21. b4 Nb8 22. Bd3 g6 23. b5 axb5 24. Nxb5 1-0

[Event "Titled Tuesday intern op 13th Aug Early"]
[Site "Chess.com INT"]
[Date "2024.08.13"]
[Round "6"]
[White "Janaszak, Dawid"]
[Black "Ljukin, Sergei"]
[Result "1-0"]
[WhiteElo "2308"]
[BlackElo "2362"]
[PlyCount "75"]
[EventDate "2024.08.13"]
[EventType "swiss (blitz)"]
[EventRounds "11"]
[EventCountry "USA"]
[SourceTitle "EXT 2025"]
[Source "ChessBase"]
[SourceDate "2024.10.14"]
[SourceVersion "1"]
[SourceVersionDate "2024.10.14"]
[SourceQuality "1"]

1. e4 e6 2. d4 d5 3. Bd3 Nf6 4. e5 Nfd7 5. Ne2 c5 6. c3 Nc6 7. a3 f6 8. Nf4 Qe7 9. exf6 Nxf6 10. 0-0 Qf7 11. b4 c4 12. Bc2 Bd6 13. b5 Ne7 14. Be3 0-0 15. Nd2 Nf5 16. Bxf5 exf5 17. Nf3 Ng4 18. h3 Nxe3 19. fxe3 h6 20. Ne5 Bxe5 21. dxe5 Be6 22. Qd4 b6 23. a4 Rac8 24. Rfd1 Rc5 25. Rd2 g5 26. Ne2 Qh5 27. Rf1 Qg6 28. Rf2 Rf7 29. Rd1 h5 30. Rdf1 h4 31. Qd2 g4 32. Nf4 Qh6 33. hxg4 fxg4 34. Nxe6 Rxf2 35. Qxf2 Qxe6 36. Qf8+ Kh7 37. Rf7+ Kg6 38. Rf6+ 1-0

[Event "Titled Tuesday intern op 13th Aug Early"]
[Site "Chess.com INT"]
[Date "2024.08.13"]
[Round "1"]
[White "Ljukin, Sergei"]
[Black "Souleidis, Georgios"]
[Result "1-0"]
[WhiteElo "2362"]
[BlackElo "2418"]
[PlyCount "125"]
[EventDate "2024.08.13"]
[EventType "swiss (blitz)"]
[EventRounds "11"]
[EventCountry "USA"]
[SourceTitle "EXT 2025"]
[Source "ChessBase"]
[SourceDate "2024.10.14"]
[SourceVersion "1"]
[SourceVersionDate "2024.10.14"]
[SourceQuality "1"]

1. e4 c5 2. Nf3 e6 3. d4 cxd4 4. Nxd4 Nf6 5. Nc3 Nc6 6. Nxc6 bxc6 7. e5 Nd5 8. Ne4 Qc7 9. f4 Qb6 10. c4 Ne3 11. Qd3 Bb4+ 12. Bd2 Ba6 13. b3 0-0 14. Ke2 Nd5 15. Kf3 f5 16. Nd6 Bxd6 17. exd6 c5 18. Rd1 Nf6 19. Bc3 Bb7+ 20. Kf2 Ne4+ 21. Kg1 Qc6 22. h4 a5 23. Rh3 a4 24. b4 cxb4 25. Bd4 Qxd6 26. Be5 Qxd3 27. Rhxd3 Bc6 28. g3 Ra7 29. Bg2 Rb7 30. Bxe4 fxe4 31. R3d2 b3 32. axb3 axb3 33. Rb2 Ra8 34. Rdb1 Ba4 35. Ra1 Rc8 36. Rxa4 Rc6 37. Kf2 d6 38. Bd4 Kf7 39. Ke3 d5 40. c5 Kg6 41. Ra3 Kf5 42. Rbxb3 Rbc7 43. Rb6 Kg4 44. Rxc6 Rxc6 45. Ra7 g6 46. Rxh7 Kxg3 47. h5 gxh5 48. Rxh5 Ra6 49. Rg5+ Kh4 50. Rg6 Ra3+ 51. Ke2 Ra2+ 52. Kd1 Ra4 53. Be5 d4 54. Rxe6 Ra1+ 55. Kc2 Ra2+ 56. Kb3 Rd2 57. c6 e3 58. c7 e2 59. Bf6+ Kg3 60. c8Q Kf2 61. Bh4+ Kf3 62. Qb7+ Kxf4 63. Qe4# 1-0

[Event "Titled Tuesday intern op 06th Aug Early"]
[Site "Chess.com INT"]
[Date "2024.08.06"]
[Round "3"]
[White "Feliz Dotel, Dewar Bienvenido"]
[Black "Ljukin, Sergei"]
[Result "0-1"]
[WhiteElo "2010"]
[BlackElo "2362"]
[PlyCount "56"]
[EventDate "2024.08.06"]
[EventType "swiss (blitz)"]
[EventRounds "11"]
[EventCountry "USA"]
[SourceTitle "EXT 2025"]
[Source "ChessBase"]
[SourceDate "2024.10.14"]
[SourceVersion "1"]
[SourceVersionDate "2024.10.14"]
[SourceQuality "1"]

1. Nf3 d5 2. b3 c5 3. Bb2 Nc6 4. e3 Bg4 5. Bb5 Nf6 6. h3 Bd7 7. c4 e6 8. Nc3 Bd6 9. 0-0 0-0 10. cxd5 exd5 11. Bxc6 bxc6 12. Rc1 Qc8 13. Na4 Bxh3 14. Bxf6 gxf6 15. Nh4 Bg4 16. f3 Be6 17. f4 f5 18. Nxc5 Kh8 19. Qh5 Be7 20. Nf3 Bf6 21. Nd3 Rg8 22. Nfe5 Rg7 23. Rf3 Qg8 24. Qh3 Rc8 25. Kf2 Bxe5 26. Nxe5 c5 27. Rh1 f6 28. Nd3 d4 0-1

[Event "Titled Tuesday intern op 06th Aug Early"]
[Site "Chess.com INT"]
[Date "2024.08.06"]
[Round "4"]
[White "Harsh, Suresh"]
[Black "Ljukin, Sergei"]
[Result "1-0"]
[WhiteElo "2418"]
[BlackElo "2362"]
[PlyCount "111"]
[EventDate "2024.08.06"]
[EventType "swiss (blitz)"]
[EventRounds "11"]
[EventCountry "USA"]
[SourceTitle "EXT 2025"]
[Source "ChessBase"]
[SourceDate "2024.10.14"]
[SourceVersion "1"]
[SourceVersionDate "2024.10.14"]
[SourceQuality "1"]

1. a3 e5 2. c4 c5 3. Nc3 Nf6 4. g3 d5 5. cxd5 Nxd5 6. Bg2 Be6 7. Nf3 Nc6 8. d3 f6 9. 0-0 Be7 10. Bd2 0-0 11. Rc1 Qd7 12. Nxd5 Bxd5 13. Bc3 b5 14. a4 a6 15. Bd2 Rfd8 16. Be3 Nd4 17. Bxd4 cxd4 18. Nd2 Bxg2 19. Kxg2 Qd5+ 20. Kg1 Rdc8 21. axb5 axb5 22. Qb3 Qxb3 23. Nxb3 Kf7 24. Kg2 Ke6 25. Kf3 f5 26. Rxc8 Rxc8 27. Rc1 Rxc1 28. Nxc1 Kd5 29. Nb3 g5 30. g4 e4+ 31. Kg3 f4+ 32. Kg2 f3+ 33. Kf1 exd3 34. exd3 Bd6 35. h3 Bf4 36. Ke1 h6 37. Kd1 Ke5 38. Na1 Kf6 39. Nc2 Be5 40. Ne1 Bg3 41. Nxf3 Bxf2 42. Kc2 Ke6 43. Kb3 Kd5 44. Kb4 Kc6 45. Ka5 Be1+ 46. b4 Bc3 47. Ne5+ Kd5 48. Nf7 Ke6 49. Nxh6 Ke5 50. Kxb5 Kf4 51. Nf7 Bd2 52. Kc4 Kg3 53. b5 Kxh3 54. b6 Kxg4 55. Ne5+ Kf5 56. b7 1-0

[Event "Titled Tuesday intern op 30th Jul Early"]
[Site "Chess.com INT"]
[Date "2024.07.30"]
[Round "10"]
[White "Ljukin, Sergei"]
[Black "Bilan, Danila"]
[Result "0-1"]
[WhiteElo "2362"]
[BlackElo "2303"]
[PlyCount "110"]
[EventDate "2024.07.30"]
[EventType "swiss (blitz)"]
[EventRounds "11"]
[EventCountry "USA"]
[SourceTitle "EXT 2025"]
[Source "ChessBase"]
[SourceDate "2024.10.14"]
[SourceVersion "1"]
[SourceVersionDate "2024.10.14"]
[SourceQuality "1"]

1. e4 c6 2. d4 d5 3. e5 c5 4. Nf3 Nc6 5. c4 e6 6. Nc3 dxc4 7. Bxc4 cxd4 8. Ne4 Nxe5 9. Bb5+ Bd7 10. Bxd7+ Nxd7 11. Qxd4 Ngf6 12. Nd6+ Bxd6 13. Qxd6 Qe7 14. Bf4 Nd5 15. Bg3 Qxd6 16. Bxd6 f6 17. 0-0-0 Rc8+ 18. Kb1 Kf7 19. Rhe1 N7b6 20. Nd4 Rhe8 21. Ba3 a6 22. g3 Nc4 23. Rd3 g6 24. f4 Nxa3+ 25. Rxa3 Rc4 26. Rd3 Re7 27. Red1 Nb4 28. Rb3 e5 29. fxe5 fxe5 30. Nf3 Nc6 31. Rf1 Kg7 32. Re3 Rf7 33. Rfe1 e4 34. Nd2 Rd4 35. Nxe4 h5 36. h4 Re7 37. R1e2 Rd1+ 38. Kc2 Rg1 39. Rd2 Nb4+ 40. Kb3 Nc6 41. Rdd3 Rg2 42. Ng5 Rxe3 43. Rxe3 Kf6 44. Re6+ Kf5 45. Re3 Nd4+ 46. Kc4 Nc2 47. Rf3+ Kg4 48. Kc5 Rxg3 49. Rf6 Kxh4 50. Ne6 Rg4 51. a3 Ne3 52. Kb6 Nd5+ 53. Kxb7 Nxf6 54. Kxa6 Kg3 55. Kb6 h4 0-1

[Event "Titled Tuesday intern op 30th Jul Early"]
[Site "Chess.com INT"]
[Date "2024.07.30"]
[Round "5"]
[White "Ljukin, Sergei"]
[Black "Ernst, Luca"]
[Result "1-0"]
[WhiteElo "2362"]
[BlackElo "2136"]
[PlyCount "57"]
[EventDate "2024.07.30"]
[EventType "swiss (blitz)"]
[EventRounds "11"]
[EventCountry "USA"]
[SourceTitle "EXT 2025"]
[Source "ChessBase"]
[SourceDate "2024.10.14"]
[SourceVersion "1"]
[SourceVersionDate "2024.10.14"]
[SourceQuality "1"]

1. e4 d6 2. d4 Nf6 3. Nc3 Nbd7 4. f4 g6 5. e5 dxe5 6. dxe5 Nh5 7. Nf3 Bg7 8. g4 Nxf4 9. Bxf4 0-0 10. Qd2 Qe8 11. 0-0-0 Nc5 12. h3 Ne6 13. Be3 b6 14. Bg2 Bb7 15. Bh6 b5 16. Bxg7 Kxg7 17. Nd4 Nxd4 18. Bxb7 Rd8 19. Qe3 c5 20. h4 b4 21. Ne4 Qa4 22. Rh2 Qxa2 23. Nd2 Qa1+ 24. Nb1 Nf5 25. Qe2 Rxd1+ 26. Qxd1 Ne3 27. Qe2 Rb8 28. Qxe3 Rxb7 29. h5 1-0

[Event "Titled Tuesday intern op 30th Jul Late"]
[Site "Chess.com INT"]
[Date "2024.07.30"]
[Round "1"]
[White "Ljukin, Sergei"]
[Black "Karttunen, Mika"]
[Result "0-1"]
[WhiteElo "2362"]
[BlackElo "2479"]
[PlyCount "124"]
[EventDate "2024.07.30"]
[EventType "swiss (blitz)"]
[EventRounds "11"]
[EventCountry "USA"]
[SourceTitle "EXT 2025"]
[Source "ChessBase"]
[SourceDate "2024.10.14"]
[SourceVersion "1"]
[SourceVersionDate "2024.10.14"]
[SourceQuality "1"]

1. e4 e5 2. Nf3 Nc6 3. Bb5 a6 4. Ba4 Nf6 5. Qe2 b5 6. Bb3 Bc5 7. c3 d6 8. d3 0-0 9. Bg5 h6 10. Bh4 Be6 11. Nbd2 Bb6 12. Bd5 Bxd5 13. exd5 Nb8 14. c4 Nbd7 15. Ne4 Ba5+ 16. Nfd2 Bxd2+ 17. Qxd2 Nxe4 18. Bxd8 Nxd2 19. Bxc7 Rfc8 20. Bxd6 Nxc4 21. dxc4 Rxc4 22. 0-0 Rac8 23. h3 f6 24. b3 Rd4 25. Rfd1 Rxd1+ 26. Rxd1 Rc2 27. a4 bxa4 28. bxa4 Rc4 29. Rb1 Rc8 30. a5 Kf7 31. Rb7 Ke8 32. Ra7 e4 33. Rxa6 f5 34. Rc6 Ra8 35. a6 Nf6 36. Rc7 Nxd5 37. Rxg7 Rxa6 38. Be5 Re6 39. Bh2 f4 40. Rg4 e3 41. fxe3 fxe3 42. Kf1 Nc3 43. Rc4 e2+ 44. Ke1 Nd1 45. Rc2 Ne3 46. Rxe2 Nxg2+ 47. Kf2 Rxe2+ 48. Kxe2 Nh4 49. Kf2 Nf5 50. Kf3 Kf7 51. Bf4 Kg6 52. Kg4 h5+ 53. Kf3 Ng7 54. Ke4 Ne6 55. Kf3 Kf5 56. Bb8 Ng5+ 57. Kg3 Kg6 58. Kh4 Ne4 59. Bc7 Nf6 60. Bb8 Nd5 61. Bd6 Ne3 62. Bb8 Nf5# 0-1

[Event "Titled Tuesday intern op 30th Jul Early"]
[Site "Chess.com INT"]
[Date "2024.07.30"]
[Round "6"]
[White "Ljukin, Sergei"]
[Black "Rodchenkov, Sergey D"]
[Result "0-1"]
[WhiteElo "2362"]
[BlackElo "2346"]
[PlyCount "56"]
[EventDate "2024.07.30"]
[EventType "swiss (blitz)"]
[EventRounds "11"]
[EventCountry "USA"]
[SourceTitle "EXT 2025"]
[Source "ChessBase"]
[SourceDate "2024.10.14"]
[SourceVersion "1"]
[SourceVersionDate "2024.10.14"]
[SourceQuality "1"]

1. e4 c5 2. Nf3 d6 3. d4 cxd4 4. Nxd4 Nf6 5. Nc3 a6 6. Bg5 e6 7. f4 h6 8. Bh4 Qb6 9. a3 Nc6 10. Bf2 Qc7 11. Qe2 Rb8 12. 0-0-0 Bd7 13. g4 b5 14. Rg1 b4 15. Nxc6 Bxc6 16. axb4 Rxb4 17. e5 dxe5 18. fxe5 Nd7 19. Qxa6 Be7 20. Bb5 Nb8 21. Bxc6+ Qxc6 22. Qa7 Bg5+ 23. Be3 0-0 24. Bxg5 hxg5 25. Qe3 Qa6 26. Nb1 Nc6 27. Rd6 Qb5 28. Na3 Qa4 0-1

[Event "Titled Tuesday intern op 30th Jul Early"]
[Site "Chess.com INT"]
[Date "2024.07.30"]
[Round "3"]
[White "Toman, Ondrej"]
[Black "Ljukin, Sergei"]
[Result "1-0"]
[WhiteElo "2279"]
[BlackElo "2362"]
[PlyCount "63"]
[EventDate "2024.07.30"]
[EventType "swiss (blitz)"]
[EventRounds "11"]
[EventCountry "USA"]
[SourceTitle "EXT 2025"]
[Source "ChessBase"]
[SourceDate "2024.10.14"]
[SourceVersion "1"]
[SourceVersionDate "2024.10.14"]
[SourceQuality "1"]

1. d4 d5 2. Bf4 Nf6 3. e3 c5 4. Nf3 Nc6 5. Nbd2 Bf5 6. Bb5 e6 7. c3 Bd6 8. Ne5 Bxe5 9. Bxe5 0-0 10. Bxc6 bxc6 11. 0-0 cxd4 12. exd4 Ne4 13. Nb3 f6 14. Bf4 g5 15. Be3 a5 16. f3 Nd6 17. Nc5 Rb8 18. Qe2 Nb7 19. Nd3 Bxd3 20. Qxd3 Nd6 21. b3 a4 22. Rab1 Qd7 23. c4 Rb4 24. c5 Nf5 25. Bf2 Rfb8 26. bxa4 Qb7 27. Rxb4 Qxb4 28. h4 gxh4 29. Re1 Kf7 30. Kh2 Qc4 31. Qd2 Rb4 32. Qf4 1-0